| 000 | 00427cam a22001097a 4500 | ||
|---|---|---|---|
| 008 | 180718b1959 xxu||||| |||| 00| 0 eng d | ||
| 082 | _aX21036x42 Un3 | ||
| 245 |
_aPlacing and management of buildings contracts: report of the central council for works and buildings _cby Ministry of Works, United Kingdom |
||
| 260 |
_aLondon _bHer Majesty's Stationery Office _c1959 |
||
| 300 | _a72p. | ||
| 700 | _aUnited Kingdom. Ministry of Works | ||
| 999 |
_c425318 _d425318 |
||